000 00702nam a2200193 i 4500
001 51624
003 ES-MaACL
005 20230906162409.0
007 t|
008 030814s1963 sp |||| | spa d
100 1 _aChico y Ortiz, José María.
_938492
245 1 0 _aApuntes de derecho inmobiliario registral /
_cJosé María Chico y Ortiz, Juan Francisco Bonilla Encina ; prólogo de Pedro Cabello de la Sota.
260 _aMadrid :
_b[s.n.],
_c1963 (
_fGráfs. Faro)
300 _a2 v. ;
_c25 cm.
650 0 4 _aDerecho inmobiliario registral-
_zEspaña.
_911715
700 1 _aBonilla Encina, Juan Francisco.
_9167281
700 1 _aCabello de la Sota, Pedro.
_933175
852 _aES-MaACL
_jC-25592-93
999 _c51624
_d51624